Giacomo Leopardi

محفوظ في:
التفاصيل البيبلوغرافية
المؤلف الرئيسي: Rod, Edouard
التنسيق: كتاب
اللغة:Undetermined
منشور في: París, Francia Perrin 1888
الموضوعات:
الوسوم: إضافة وسم
لا توجد وسوم, كن أول من يضع وسما على هذه التسجيلة!

MARC

LEADER 00000nam a2200000Ia 4500
008 170316s9999 xx 000 0 und d
999 |c 8207  |d 8207 
040 |a cru BVZT 
090 |a 850 R-2g 
100 |a Rod, Edouard 
245 |a Giacomo Leopardi  |c / Edouard Rod 
260 |a París, Francia  |b Perrin  |c 1888 
300 |a 249 páginas 
650 |a LITERATURA ITALIANA  |9 212 
942 |c 15 D  |h 850 R-2g  |2 z